| 000 | 01152nam a22003737a 4500 | ||
|---|---|---|---|
| 999 |
_c250 _d250 |
||
| 001 | 003110 | ||
| 003 | CoMeUDC003110 | ||
| 005 | 20181128223118.0 | ||
| 008 | 150826e201402 ck b 000 0 spa c | ||
| 010 | _a 2015404802 | ||
| 020 | _a9789588366913 (pbk.) | ||
| 035 | _a(OCoLC)ocn880899501 | ||
| 040 |
_aSTF _beng _erda _cCoMeUDC _dOCLCF _dOCL _dDLC |
||
| 042 | _apcc | ||
| 043 | _as-ck--- | ||
| 050 | 0 | 0 | _b.A478p |
| 082 | 0 | 0 |
_a320.98 _223 |
| 100 | 1 |
_aAlzate Salazar, Efraín, _d1957- _eauthor. |
|
| 245 | 1 | 0 |
_aPolítica y poder en Colombia / _cEfraín Alzate Salazar. |
| 250 | _aPrimera edición. | ||
| 264 | 1 |
_a[Medellín] : _bEdiciones UNAULA, _c2014. |
|
| 300 |
_a122 pages ; _c22 cm. |
||
| 336 |
_atext _btxt _2rdacontent |
||
| 337 |
_aunmediated _bn _2rdamedia |
||
| 338 |
_avolume _bnc _2rdacarrier |
||
| 490 | 1 | _aHumanismo | |
| 504 | _aIncludes bibliographical references. | ||
| 650 | 0 |
_aPoder _zColombia. _9469 _xCiencias Sociales. |
|
| 650 | 0 |
_aDemocracia. _zColombia. _9470 |
|
| 651 | 0 |
_aColombia _xPolitics and government. |
|
| 830 | 0 | _aHumanismo (Medellín, Colombia) | |
| 906 |
_a7 _bcbc _cpccadap _d2 _encip _f20 |
||
| 942 |
_2ddc _cBK |
||